000
00354nam a2200133Ia 4500
008
151001s9999||||xx |||||||||||||| ||und||
100
_a
सुमती कुकडे
245
_a
आपले शरीर अदभूत कोडे
250
_a
2
260
_b
मधुराज
260
_c
2004
300
_a
32
365
_b
21
999
_c
984733
_d
984730